00521nam a2200193 a 4500001001300000003000900013005001700022008004100039020002300080082001300103100002700116245002100143260004400164300001000208500003500218505002400253650002300277700002700300nice12345678IN_TiNIC20260116014721.0131113s2008 lona grp 000 0 eng  a9780199537518c24500a820bLOR aLorca, Federico Garcia aFour Major Plays aLondan bOxford University Press c2008 a234p  aincludes index and biblioraphy2 aSelect Bibliography aEnglish-Literature1 aLorca, Federico Garcia